Southville International School and Colleges
Your cart is empty.
  • Cart
  • Lists
    Public lists Eva Luna New books Lux_list list_1
    Your lists Log in to create your own lists
  • Log in to your account
  • Your cookies
  • Search history
Southville International School and Colleges
  • Advanced search
  • Recent comments
  • Most popular
  • Libraries

Log in to your account

Log in with GOOGLE


If you do not have an external account, but do have a local account, you can still log in:

  1. Home
  2. MARC view: Principles of Management - Simplified /
Normal view MARC view ISBD view

Principles of Management - Simplified / (Record no. 305473)

[ view plain ]
MARC details
000 -LEADER
fixed length control field 00623nam a2200229Ia 4500
008 - FIXED-LENGTH DATA ELEMENTS--GENERAL INFORMATION
fixed length control field 170203s9999 xx 000 0 und d
020 ## - INTERNATIONAL STANDARD BOOK NUMBER
International Standard Book Number 9710871986
050 ## - LIBRARY OF CONGRESS CALL NUMBER
Classification number 658
050 ## - LIBRARY OF CONGRESS CALL NUMBER
Item number .M266p 2014
100 ## - MAIN ENTRY--PERSONAL NAME
Personal name Manahan, Antonio Arturo C.
245 ## - TITLE STATEMENT
Title Principles of Management - Simplified /
245 ## - TITLE STATEMENT
Statement of responsibility, etc Manahan, Toribio, Viray Jr.
250 ## - EDITION STATEMENT
Edition statement First Edition.
260 ## - PUBLICATION, DISTRIBUTION, ETC. (IMPRINT)
Place of publication, distribution, etc Quezon City :
260 ## - PUBLICATION, DISTRIBUTION, ETC. (IMPRINT)
Name of publisher, distributor, etc National Book Store.
260 ## - PUBLICATION, DISTRIBUTION, ETC. (IMPRINT)
Date of publication, distribution, etc 2014
300 ## - PHYSICAL DESCRIPTION
Extent 174 pages :
300 ## - PHYSICAL DESCRIPTION
Dimensions 26 cm.
650 ## - SUBJECT ADDED ENTRY--TOPICAL TERM
Topical term or geographic name as entry element Management.
700 ## - ADDED ENTRY--PERSONAL NAME
Personal name Toribio, Mark Lester David, author
700 ## - ADDED ENTRY--PERSONAL NAME
Personal name Viray, Edilberto Jr., author.
Holdings
Withdrawn status Lost status Damaged status Home library Current library Shelving location Date acquired Total Checkouts Full call number Barcode Date last seen Price effective from Koha item type
      Stonyhurst Southville International School (Batangas) Stonyhurst Southville International School (Batangas)   02/03/2017   658 .M266p 2014 US-2049 02/03/2017 02/03/2017 Books

Principles of Management - Simplified /

APA

Manahan A. A. C., Toribio M. L. D. a. & Viray E. J. a.Principles of Management - Simplified. Quezon City: .

Chicago

Manahan Antonio Arturo C, Toribio Mark Lester David author and Viray Edilberto Jr author.Principles of Management - Simplified. Quezon City: .

Harvard

Manahan A. A. C., Toribio M. L. D. a. and Viray E. J. a.Principles of Management - Simplified. Quezon City: .

MLA

Manahan Antonio Arturo C, Toribio Mark Lester David author and Viray Edilberto Jr author.Quezon City: . .

  • Place hold
  • Print
  • Cite
  • Add to your cart (remove)
  • Save record
    BIBTEX Dublin Core MARCXML MARC (non-Unicode/MARC-8) MARC (Unicode/UTF-8) MARC (Unicode/UTF-8, Standard) MODS (XML) RIS
  • More searches
    Search for this title in:
    Other Libraries (WorldCat) Other Databases (Google Scholar) Online Stores (Bookfinder.com) Open Library (openlibrary.org)

Exporting to Dublin Core...

SOUTHVILLE LIBRARY

Southville International School and Colleges Library

1281 Tropical Ave. Cor. Luxembourg St., BF Homes International, Las Pinas City

Tel. No. 8256374 / 252358 Loc. 117/146

Powered by Koha